African traditional medicine practices among the Yoruba of Nigeria

Պահպանված է:
Մատենագիտական մանրամասներ
Հիմնական հեղինակ: OYEBOLA, David O.
Ձևաչափ: Գիրք
Լեզու:անգլերեն
Հրապարակվել է: University of Ibadan Press 2010
Ցուցիչներ: Ավելացրեք ցուցիչ
Չկան պիտակներ, Եղեք առաջինը, ով նշում է այս գրառումը!

MARC

LEADER 00000nam a22000007a 4500
008 210826b ||||| |||| 00| 0 eng d
020 |a 9789789111749 
100 |a OYEBOLA, David O. 
245 |a African traditional medicine  |b practices among the Yoruba of Nigeria   |c David O. Oyebola  |g xii , 424p. ill. 
260 |b University of Ibadan Press  |c 2010  |h Ibadan   |i 678495  |l DT 515 . 45 .OY3  |m Yoruba ( African people ) ... Medicine  |m Medicine, Traditional .... Nigeria 
500 |a It includes bibliography and index 
942 |a lcc  |c BK  |e Adeyeye Y. S.  |f 26 - 08- 2021 
952 |0 0  |1 0  |2 lcc  |4 0  |6 DT051545 O Y3  |7 0  |9 3246  |a HOL  |b ART  |c AF  |d 2021-08-26  |l 0  |o DT 515 .45 . OY3  |p 2021-66941  |r 2021-08-26 00:00:00  |w 2021-08-26  |y BK 
999 |c 1625  |d 1625